000 00432nam a2200157 i 4500
001 33717
003 ES-MaACL
005 20230906154817.0
007 t|
008 030203s1977 sp ||||1| spa d
100 1 _aBianciotti, Héctor.
_928748
245 1 0 _aDetrás del rostro que nos mira /
_cHéctor Bianciotti.
260 _aBarcelona :
_bTusquets,
_c1977.
300 _a233 p. ;
_c18 cm.
852 _aES-MaACL
_jA-7012
_bR.95636
999 _c33717
_d33717